Claves en la conducción empresaria /

Guardado en:
Autor Principal: Luchia-Puig, Cecilia.
Formato: Libro
Idioma:Spanish
Publicado: Buenos Aires : Ediciones Macchi, c1989.
Edición:3a. ed.
Materias:
Etiquetas: Agregar Etiqueta
Sin Etiquetas, Sea el primero en etiquetar este registro!
LEADER 00615nam a22001935 4500
001 EAD.ead003249
008 080718s1989####ag############000#0#spa#d
005 20120816115832.0
245 1 0 |a Claves en la conducción empresaria /  |c Cecilia Luchia-Puig. 
250 |a 3a. ed. 
260 |a Buenos Aires :  |b Ediciones Macchi,  |c c1989. 
300 |a xi, 153 p. 
020 |a 9505371462 
100 1 |a Luchia-Puig, Cecilia. 
082 0 4 |a 658.409  |2 21 
653 |a Exito empresario 
650 7 |a Estudios de casos.  |2 unbist 
650 7 |a Cambio organizacional.  |2 unbist 
859 |a AR-BaBDC  |b BIB. ADMINISTRACION - Libros  |h 658.409  |i L963a3  |p b02392